Quick Pick: 'N' Latin Phrases Quiz Stats

 Plays Quiz Updated Feb 11, 2018

Score 0/11 Timer 01:30
2 Plays Today
% Correct
Non scholae sed vitae
88.2%
Non compos mentis
86.1%
Nota bene
82.9%
Nemo dat quod non habet
82.6%
Non sequitur
77.7%
Noli me tangere
77.6%
Nulli secundus
76.2%
Ne plus ultra
65.1%
Nisi paria non pugnant
57.6%
Non olet
51.7%
Nemo malus felix
50%

Today's Daily Dose

You're not logged in!

Compare scores with friends on all Sporcle quizzes.
OR
Log In

Show Comments

Extras

Top Quizzes Today


Score Distribution

Your Account Isn't Verified!

In order to create a playlist on Sporcle, you need to verify the email address you used during registration. Go to your Sporcle Settings to finish the process.

Report this User

Report this user for behavior that violates our Community Guidelines.

Details: